000 00692nam a2200193Ia 4500
003 GCL
008 140319s9999 xx 000 0 ara d
040 _aGCL /
_cGCL
082 0 4 _a915.31
_bب أ
100 1 _aقدرى قلعجى
245 1 0 _aاكتشاف جزيرة العرب :
_bخمسة قرون من المغامرة و العلم /
_cقدرى قلعجى
700 1 _aبيرين ، جاكلين
250 _aالاولى
260 _aبيروت :
_bدار الكاتب العربى
300 _a440 ص ؛
_c24 سم
650 0 4 _aالسعودية - وصف ورحلات
650 0 4 _aشبه الجزيرة العربية - تاريخ - العصر الحديث
942 _2ddc
_cBK
999 _c6975
_d6975